00713cam a2200205 a 450000500170000000800410001701000140005802000260007203500130009803700130011104000080012424501350013226000470026727000530031430000300036750400410039765100210043870000220045970000260048120060727202709.0970612s1997 ii b 001 0 eng  aENG-95515 a9780198060802c750.00 aEN-79048 bDBAD/PUB aDPL aBlocked by caste Economic Discrimination in Modern Indiacedited by Sukhadeo Thorat, Katherine S. Newman; foreword by Kaushik basu a New DelhibOxford University Press,c2010 aYMCA building, Jai singh roadbNew Delhie110001 axxi, p. 377;c22 cm.(Hb) aIncludes bibliographical references  aIndiaxReligion. aThorat, Sukhadeo  aNewman, Katherine S.